Bilecik Bilecik Bilecik Bilecik Bilecik

Teori ve problemlerle mühendislik mekanigi statik ve dinamik = (Record no. 51416)

MARC details
000 -BAŞLIK
Sabit Uzunluktaki Kontrol Alanı 01229nam a22003737a 4500
001 - KONTROL NUMARASI
Control Dosyası 0051596
003 - KONTROL NUMARASI KİMLİĞİ
Kontrol Alanı KOHA_MİRAKIL
005 - EN SON İŞLEM TARİHİ ve ZAMANI
Kontrol Alanı 20260207003811.0
007 - FİZİKSEL TANIM SABİT ALAN - GENEL BİLGİ
Sabit uzunluklu kontrol alanı ta
008 - SABİT UZUNLUKTAKİ VERİ ÖGELERİ - GENEL BİLGİ
Sabit Alan 150629b2011 tu |||gr||||#||||0|tur |
020 ## - ISBN - ULUSLARARASI STANDART KİTAP NUMARASI
Isbn 9786053954545
040 ## - KATALOGLAMA KAYNAĞI
Özgün Kataloglama Kurumu TR-BiSEU
Kataloglama Dili tur
Çeviri Kurumu TR-BiSEU
Açıklama Kuralları rda
041 0# - DİL KODU
Metin ya da ses kaydının dil kodu tur
044 ## - YAYINLAYAN/ÜRETEN KURULUŞUN ÜLKE KODU
ISO country code tu
050 ## - SINIFLAMA ve YER NUMARASI
Sınıflama Numarası TA350
Yer Numarası .M35 2011
100 1# - KİŞİ ADI
Yazar Adı (Kişi adı) Mclean, W.G..
240 10 - TEK BİÇİM BAŞLIK
Tekbiçim Başlık <a href="engineering mechanics statistics and dynamics">engineering mechanics statistics and dynamics</a>
Language of a work Türkçe
245 1# - ESER ADI BİLDİRİMİ
Başlık Teori ve problemlerle mühendislik mekanigi statik ve dinamik =
Alt Eseradı vb. engineering mechanics statistics and dynamics /
Sorumluluk Bildirimi W.G. Mclean ; W.G.Mclean, E.W. Nelson; çeviren Yilmaz Simsek.
250 ## - BASIM BİLDİRİMİ
Basım Bildirimi 5. Basımdan Çeviri
264 #1 - ÜRERİM, YAYIN, DAĞITIM ve TELİF BİLDİRİMİ
Yayın yeri Ankara :
Yayınlayan Nobel Yayınları
Yayın tarihi 2011
300 ## - FİZİKSEL TANIMLAMA
Sayfa, Cilt vb. VIII, 519 sayfa ;
Boyutları 28 cm.
336 ## - İÇERİK TÜRÜ
Content type term metin
Content type code txt
Source rdacontent
337 ## - MEDYA TÜRÜ
Media type term aracısız
Media type code n
Source rdamedia
338 ## - TAŞIYICI TÜRÜ
Carrier type term cilt
Carrier type code nc
Source rdacarrier
490 1# - DİZİ BİLDİRİMİ
Dizi Bildirimi Nobel Yayın Nu.
490 1# - DİZİ BİLDİRİMİ
Dizi Bildirimi ;
Cilt Numarası 1643.
490 1# - DİZİ BİLDİRİMİ
Dizi Bildirimi Teknik- Mühendisli ;
Cilt Numarası 121.
650 #0 - KONU BAŞLIĞI EK GİRİŞ - KONU TERİMİ
Konusal terim veya coğrafi ad Mekanik, Uygulamalı
9 (RLIN) 16647
650 #0 - KONU BAŞLIĞI EK GİRİŞ - KONU TERİMİ
Konusal terim veya coğrafi ad Mechanics, Applied.
9 (RLIN) 5198
830 1# - SERİ EK GİRİŞİ - TEKBİÇİM ESER ADI
Tekbiçim Başlık Nobel Yayın Nu.
9 (RLIN) 95341
830 1# - SERİ EK GİRİŞİ - TEKBİÇİM ESER ADI
Tekbiçim Başlık ;
Volume number/sequential designation 1643.
9 (RLIN) 1620
830 1# - SERİ EK GİRİŞİ - TEKBİÇİM ESER ADI
Tekbiçim Başlık Teknik- Mühendisli ;
Volume number/sequential designation 121.
9 (RLIN) 96073
942 ## - EK GİRİŞ ÖGELERİ (KOHA)
Source of classification or shelving scheme Library of Congress Classification
Koha item type Book
Holdings
Materyal Türü Kalıcı Konum Mevcut Konum Raf Yeri Sınıflandırma Kaynağı Edinim Bilgisi Ana Konular Alt Konular Yer Numarası Demirbaş Numarası Fatura Tarihi Maliyet, Alış Fiyatı Maliyet, Yenileme Fiyatı Geri Çekilme Durumu Kayıp Durumu Hasarlı Durumu Kredi için değil Kayıt Tarih Toplam Ödünçverme Son Görülme Tarihi Son Kontrol Tarihi Satın Alma Notu
Book Prof. Dr. Azmi Özcan Kütüphanesi Prof. Dr. Azmi Özcan Kütüphanesi Birûni Salonu Library of Congress Classification Satın TEKNOLOJİ Mühendislik (Genel), İnşaat Mühendisliği (Genel) TA350 .M35 2011 0051596 07/07/2015 21.71 21.71         29/06/2015 8 05/12/2024 05/12/2024 B-984687 - B-984797